| 000 | 00830nam a2200253Ia 4500 | ||
|---|---|---|---|
| 003 | OSt | ||
| 005 | 20220925221654.0 | ||
| 006 | a|||||r|||| 00| 0 | ||
| 007 | ta | ||
| 008 | 220923b |||||||| |||| 00| 0 eng d | ||
| 020 |
_a9780262018906 _c4710.8699999999999 |
||
| 037 |
_b40552, 10/03/2014, Segment Book Distrobutors _cGeneral Book |
||
| 040 |
_aRTL _cRTL _beng |
||
| 041 |
_2eng _aeng |
||
| 082 | _aX7.1(X).N8, Q3 | ||
| 100 |
_aVEGH Carlos A. _9286889 |
||
| 245 | 0 | _aOpen economy macroeconomics in developing countries | |
| 260 |
_aLondon _bMIT Press _c2013 |
||
| 300 |
_ax,899p _ccm. |
||
| 500 | _aGlossary: P 371; Bibliography: P 372-382 | ||
| 650 | _aEconomics | ||
| 942 |
_hX7.1(X).N8, Q3 _cGB _2CC |
||
| 999 |
_c575034 _d575034 |
||